000 00533nam a22001817a 4500
005 20250611113351.0
010 _aENG-145248
020 _c250.00
_a9788194478058
035 _aEN-128780
037 _bDBAD
082 _a613.7046
100 _aVengatesan, K.
_981879
245 _aYoga Art of Alive/
_cK. Vengatesan
260 _bGurushishya Yogam
_aChennai
_c2019
270 _aChennai
_bChennai
_e600044
_mgurushishyayogam@gmail.com
_k9941426051
300 _a346p.
_c22cm(pb)
942 _2ddc
_cEN
_h613.7046
_mVEN
999 _c211725
_d211725